<?xml version="1.0" encoding="UTF-8"?><?xml-stylesheet type="text/xsl" href="static/style.xsl"?><OAI-PMH xmlns="http://www.openarchives.org/OAI/2.0/" xmlns:xsi="http://www.w3.org/2001/XMLSchema-instance" xsi:schemaLocation="http://www.openarchives.org/OAI/2.0/ http://www.openarchives.org/OAI/2.0/OAI-PMH.xsd"><responseDate>2026-06-01T18:27:15Z</responseDate><request verb="GetRecord" identifier="oai:riuma.uma.es:10630/28898" metadataPrefix="marc">https://riuma.uma.es/rest/oai/request</request><GetRecord><record><header><identifier>oai:riuma.uma.es:10630/28898</identifier><datestamp>2026-02-03T10:53:55Z</datestamp><setSpec>com_10630_2254</setSpec><setSpec>col_10630_37953</setSpec></header><metadata><record xmlns="http://www.loc.gov/MARC21/slim" xmlns:dcterms="http://purl.org/dc/terms/" xmlns:doc="http://www.lyncode.com/xoai" xmlns:xsi="http://www.w3.org/2001/XMLSchema-instance" xsi:schemaLocation="http://www.loc.gov/MARC21/slim http://www.loc.gov/standards/marcxml/schema/MARC21slim.xsd">
   <leader>00925njm 22002777a 4500</leader>
   <datafield ind2=" " ind1=" " tag="042">
      <subfield code="a">dc</subfield>
   </datafield>
   <datafield ind2=" " ind1=" " tag="720">
      <subfield code="a">Martín-Jaime, Juan Jesús</subfield>
      <subfield code="e">author</subfield>
   </datafield>
   <datafield ind2=" " ind1=" " tag="720">
      <subfield code="a">Velasco-Martínez, Leticia Concepción</subfield>
      <subfield code="e">author</subfield>
   </datafield>
   <datafield ind2=" " ind1=" " tag="720">
      <subfield code="a">Tójar-Hurtado, Juan Carlos</subfield>
      <subfield code="e">author</subfield>
   </datafield>
   <datafield ind2=" " ind1=" " tag="260">
      <subfield code="c">2021-10-31</subfield>
   </datafield>
   <datafield ind2=" " ind1=" " tag="520">
      <subfield code="a">The discharge of hygienic waste down domestic drains has become a socio-environmental problem that is causing serious damage to aquatic ecosystems and wastewater management systems. In this paper, we report the results of our study to determine the effectiveness of an environmental education (EE) program to raise awareness of this problem among primary school students. A longitudinal study was carried out using a survey methodology. A questionnaire, including Likert-scale items, was designed (n = 4362). A study of the reliability and validity of the measure was carried out using validations conducted by experts, Cronbach’s Alpha coefficient, factor analysis, and the categorical analysis of principal components (CATPCA). The analyses showed that there were significant differences between the educational cycles of primary education and two different versions of the program. For example, a second version of the EA program, with a more positive approach, produced an improvement in the acquisition of knowledge, behaviors, and attitudes regarding the development of good habits concerning the use of household drains. The conclusions show the suitability of this cross-sectoral EE program for actively involving students and their families in the proper management of household hygienic waste.</subfield>
   </datafield>
   <datafield ind1="8" ind2=" " tag="024">
      <subfield code="a">Martín-Jaime J-J, Velasco-Martínez L-C, Tójar-Hurtado J-C. Evaluation of an Environmental Education Program Using a Cross-Sectoral Approach to Promote the Sustainable Use of Domestic Drains. Sustainability. 2021; 13(21):12041. https://doi.org/10.3390/su132112041</subfield>
   </datafield>
   <datafield ind1="8" ind2=" " tag="024">
      <subfield code="a">https://hdl.handle.net/10630/28898</subfield>
   </datafield>
   <datafield ind1="8" ind2=" " tag="024">
      <subfield code="a">10.3390/su132112041</subfield>
   </datafield>
   <datafield tag="653" ind2=" " ind1=" ">
      <subfield code="a">Educacion ambiental</subfield>
   </datafield>
   <datafield ind2="0" ind1="0" tag="245">
      <subfield code="a">Evaluation of an environmental education program using a cross-sectoral approach to promote the sustainable use of domestic drains</subfield>
   </datafield>
</record>
</metadata></record></GetRecord></OAI-PMH>